| 000 | 00890nas a2200277 4500 | ||
|---|---|---|---|
| 001 | BR9204635 | ||
| 003 | BR-BrBNA | ||
| 005 | 20231205092746.0 | ||
| 007 | ta | ||
| 008 | 230509b bl.|||p| |||| 00| 00por d | ||
| 040 |
_aBR-BrBNA _bpor _cBiblioteca Nacional de Agricultura |
||
| 041 | _a(Pt) | ||
| 072 | _aF01 | ||
| 100 | 1 | _aDuarte, E.F. | |
| 100 | 1 | _aSousa, R.L.P. de | |
| 100 | 1 | _aCosta, W.F. da | |
| 100 | 1 | _aBritto, D.P.P. de S. | |
| 245 | 1 | _aComparacao entre modalidades de manejo de agua em cultura de arroz (Oryza sativa)irrigada por inundacao | |
| 650 | _aARROZ | ||
| 650 | _aCULTURA IRRIGADA | ||
| 650 | _aNUTRIENTE | ||
| 650 | _aIRRIGACAO POR INUNDACAO | ||
| 773 | 0 |
_tArquivos da Universidade Federal Rural do Rio de Janeiro (Brazil) _xISSN 0100-2481 _g(Jan-Jun 1983), v. 6(1) p. 1-38 _wBR9204635 |
|
| 909 |
_a202311 _bLúcia _c55 _dLúcia Elande |
||
| 942 |
_2AGRIS _n0 _cANA |
||
| 999 |
_c133961 _d133961 |
||